Internetový obchod

Saved in:
Bibliographic Details
Main Author: Bystrická, Katarína
Other Authors: Mičo, Tomáš, Tužinský, Martin
Format: Book
Language:Slovak
Published: Bratislava Iura Edition 2013
Subjects:
Tags: Add Tag
No Tags, Be the first to tag this record!

MARC

LEADER 00000nam a2200000 4500
001 0185637
005 20240314100040.6
020 |a 978-80-8078-555-0 
041 0 |a slo 
044 |a SK 
245 1 0 |a Internetový obchod  |c Katarína Bystrická, Tomáš Mičo, Martin Tužinský 
264 1 |a Bratislava  |b Iura Edition  |c 2013 
300 |a 303 s. 
610 2 0 |a obchod elektronický 
610 2 0 |a internet 
610 2 0 |a predaj 
610 2 0 |a právo 
610 2 0 |a zákony 
610 2 0 |a ochrana údajov osobných 
610 2 0 |a ochrana spotrebiteľa 
610 2 0 |a účtovníctvo 
610 2 0 |a účtovanie 
610 2 0 |a dane z príjmov 
610 2 0 |a dane z hodnoty pridanej 
610 2 0 |a stránky webové 
610 2 0 |a systémy platobné 
610 2 0 |a reklama 
610 2 0 |a predpisy právne 
100 1 |a Bystrická, Katarína 
700 1 |a Mičo, Tomáš 
700 1 |a Tužinský, Martin